[Event "EU-ch U20"]
[Site "Patras"]
[Date "1999.10.08"]
[Round "4"]
[White "Halkias, Stelios"]
[Black "Fontaine, Robert"]
[Result "1/2-1/2"]
[WhiteElo "2406"]
[BlackElo "2408"]

1.d4 Nf6 2.c4 g6 3.Nc3 d5 4.cxd5 Nxd5 5.e4 Nxc3 6.bxc3 Bg7 7.Nf3 c5 8.Rb1 O-O
9.Be2 cxd4 10.cxd4 Qa5+ 11.Bd2 Qxa2 12.O-O Bg4 13.Bg5 h6 14.Bh4 g5 15.Bg3 Nc6
16.d5 Rad8 17.Rxb7 f5 18.dxc6 Rxd1 19.Bxd1 Qa6 20.Bb3+ Kh8 21.exf5 Bxf3 22.gxf3 Qxc6
23.Rxe7 Qxf3 24.Bc2 h5 25.Be4 Qc3 26.Re6 Rc8 27.Bd6 Bf6 28.h3 Qb2 29.Kg2 a5
30.Rb1 Qc3 31.Rb5 g4 32.hxg4 Rg8 33.Bg3 Rxg4 34.Kh3 Kh7 35.Rb7+ Rg7 36.Rbb6 Rf7
37.Rec6 Qa1 38.Kg2 h4 39.Bxh4 Bxh4 40.Rh6+ Kg7 41.Rxh4 Kf8 42.Rg4 Qe5 43.Re6 Qb2
44.Ra6 Qe5 45.Re6 Qb2 46.Ra6 Qe5 47.Ra8+ Ke7 48.Ra7+ Kf8 49.Ra6 Re7 50.Ra8+ Re8
51.Ra7 Qd4 52.Rxa5 Rxe4 53.Rxe4 Qxe4+ 54.Kg3 Kf7 55.Ra3 Qh1 56.Ra6 Qg1+ 57.Kf3 Qd1+
58.Kg2 Qg4+ 59.Kh2 Qe2 60.Ra7+ Kf6 61.Kg1 Qe1+ 62.Kg2 Qe4+ 63.Kg1 Qf3 64.Rc7 Qg4+
65.Kf1 Qh3+ 66.Kg1 Kxf5 67.Rg7 Qd3 68.Rg3 Qd1+ 69.Kg2 Kf4 70.Re3  1/2-1/2

[Event "Wichern op 5th"]
[Site "Hamburg"]
[Date "1999.10.15"]
[Round "1"]
[White "Hanewinkel, Winfried"]
[Black "Oral, Tomas"]
[Result "0-1"]
[WhiteElo "2045"]
[BlackElo "2541"]

1.d4 Nf6 2.c4 g6 3.Nc3 d5 4.cxd5 Nxd5 5.e4 Nxc3 6.bxc3 Bg7 7.Bc4 O-O 8.Ne2 b6
9.O-O Bb7 10.f3 Nc6 11.Be3 Na5 12.Bd3 Qd7 13.Qd2 Rfd8 14.Rad1 Rac8 15.f4 c5
16.d5 e6 17.dxe6 Qxe6 18.f5 Qe8 19.fxg6 hxg6 20.Bh6 Rxd3  0-1

[Event "Zuglo Hotel op 3rd"]
[Site "Budapest"]
[Date "1999.10.16"]
[Round "1"]
[White "Wiley, Tom E"]
[Black "Kovacs, R."]
[Result "1/2-1/2"]
[WhiteElo "2302"]
[BlackElo "2051"]

1.d4 Nf6 2.c4 g6 3.Nc3 d5 4.cxd5 Nxd5 5.e4 Nxc3 6.bxc3 Bg7 7.Be3 c5 8.Qd2 Qa5
9.Rb1 b6 10.Bb5+ Bd7 11.Bd3 cxd4 12.cxd4 Qxd2+ 13.Kxd2 Nc6 14.Ne2 O-O 15.Rhc1 f5
16.e5 e6 17.f4 Rfd8 18.Ba6 Ne7 19.Bf2 Bc8  1/2-1/2

[Event "Wichern op 5th"]
[Site "Hamburg"]
[Date "1999.10.16"]
[Round "2"]
[White "Matamoros Franco, Carlos S"]
[Black "Lohou, Stephane"]
[Result "1-0"]
[WhiteElo "2462"]
[BlackElo "2165"]

1.d4 Nf6 2.c4 g6 3.Nc3 d5 4.cxd5 Nxd5 5.e4 Nxc3 6.bxc3 Bg7 7.Nf3 c5 8.Be3 Qa5
9.Bd2 Nc6 10.Be2 O-O 11.O-O Qc7 12.d5 Na5 13.Qc1 e5 14.c4 b6 15.Re1 Re8 16.h4 Nb7
17.h5 Nd6 18.hxg6 hxg6 19.Bd3 Bg4 20.Nh2 Bd7 21.Bh6 f5 22.Bxg7 Kxg7 23.exf5 Bxf5
24.Bxf5 gxf5 25.Qg5+ Kf7 26.Qh5+ Kf6 27.Qh6+ Ke7 28.Rxe5+  1-0

[Event "Wichern op 5th"]
[Site "Hamburg"]
[Date "1999.10.17"]
[Round "3"]
[White "Lahlum, Hans Olav"]
[Black "Odeev, Handszar"]
[Result "1/2-1/2"]
[WhiteElo "2214"]
[BlackElo "2407"]

1.d4 Nf6 2.c4 g6 3.Nc3 d5 4.cxd5 Nxd5 5.e4 Nxc3 6.bxc3 Bg7 7.Nf3 c5 8.Be3 Qa5
9.Qd2 O-O 10.Rc1 Nd7 11.Bd3 Nb6 12.Bh6 Rd8 13.Bxg7 Kxg7 14.d5 e6 15.c4 Qxd2+
16.Nxd2  1/2-1/2

[Event "Wichern op 5th"]
[Site "Hamburg"]
[Date "1999.10.18"]
[Round "5"]
[White "Tell, Michael"]
[Black "Tietzen, Stefan"]
[Result "1/2-1/2"]
[WhiteElo "1915"]
[BlackElo "2163"]

1.d4 Nf6 2.c4 g6 3.Nc3 d5 4.cxd5 Nxd5 5.e4 Nxc3 6.bxc3 Bg7 7.Nf3 c5 8.Be3 O-O
9.Qd2 Nc6 10.Bb5 cxd4 11.cxd4 Bd7 12.Rd1 a6 13.Be2 Na5 14.O-O Rc8 15.Rc1 Rxc1
16.Rxc1 b5 17.Bf4 Nb7 18.Bc7 Qa8 19.Qb4 Nd6 20.Bxd6 exd6 21.d5 Qb8 22.Nd4 a5
23.Qd2 Qb6 24.Nxb5 Bxb5 25.Rb1 Qd4 26.Qxd4 Bxd4 27.Rxb5 Rc8 28.Rxa5 Rc2 29.Ba6 Rxf2
30.Kh1 Rd2 31.g3 Rd1+ 32.Kg2 Rd2+ 33.Kh1 g5 34.Bc8 h5 35.g4 Be5 36.gxh5 Rxh2+
37.Kg1 Rxh5 38.a4 g4 39.Rb5 g3 40.Bg4 Rh4 41.Bf3 Bd4+ 42.Kf1 Rh2 43.Bg2 Kg7
44.Rb8 Rh4 45.Bf3 f5 46.exf5 Be5 47.Ra8 Rc4 48.a5 Rc1+ 49.Ke2 Rc2+ 50.Kd3 g2
51.Bxg2 Rxg2 52.Kc4 Rc2+ 53.Kb5 Rc5+ 54.Kb6 Rxd5 55.a6 Rd1 56.Rd8 Rb1+ 57.Kc6 Rc1+
58.Kb7 Rb1+  1/2-1/2

[Event "Wichern op 5th"]
[Site "Hamburg"]
[Date "1999.10.18"]
[Round "5"]
[White "Tyomkin, Dimitri"]
[Black "Ftacnik, Lubomir"]
[Result "1/2-1/2"]
[WhiteElo "2495"]
[BlackElo "2589"]

1.d4 Nf6 2.c4 g6 3.Nc3 d5 4.cxd5 Nxd5 5.e4 Nxc3 6.bxc3 Bg7 7.Bb5+ c6 8.Ba4 O-O
9.Ne2 Be6 10.O-O Qa5 11.Re1 Bc4 12.Bb3 Bxe2 13.Qxe2 Qxc3 14.Ba3 Re8 15.Bb2 Qa5
16.d5 Bxb2 17.Qxb2 Nd7 18.Re3 Nc5 19.h4 cxd5 20.exd5 Qa6 21.Rf3 Rad8 22.h5 Nxb3
23.hxg6 fxg6 24.Qxb3 Qb6 25.Qxb6 axb6 26.Rb1 Rxd5 27.Rxb6 Rd1+ 28.Kh2 Rd2
29.Rxb7 Rxa2 30.Re3 Rxf2 31.Rexe7  1/2-1/2

[Event "Wch U18"]
[Site "Oropesa del Mar"]
[Date "1999.10.25"]
[Round "2"]
[White "Krush, Irina"]
[Black "Dooley, Michael"]
[Result "1-0"]
[WhiteElo "2432"]
[BlackElo "2214"]

1.d4 Nf6 2.c4 g6 3.Nc3 d5 4.cxd5 Nxd5 5.e4 Nxc3 6.bxc3 Bg7 7.Bb5+ c6 8.Ba4 a5
9.Ne2 b5 10.Bb3 a4 11.Bc2 c5 12.O-O Na6 13.Rb1 Bd7 14.Be3 O-O 15.d5 Rb8 16.c4 Qa5
17.cxb5 Rxb5 18.Bd2 Rxb1 19.Bxa5 Rxd1 20.Rxd1 Nb4 21.Bb1 Bb5 22.Nf4 Bh6 23.g3 g5
24.Ng2 Ra8 25.Bb6 Na6 26.e5 Rb8 27.Ba5 Be2 28.Re1 Bb5 29.Ne3 Bf8 30.a3 c4
31.Rd1 Nc5 32.d6 Rb7 33.Nf5 Rd7 34.Rd5 exd6 35.exd6 Bxd6 36.Nxd6 Nb7 37.Bb4 Bc6
38.Rd4 c3 39.Nf5  1-0

[Event "EUCup final 15th"]
[Site "Bugojno"]
[Date "1999.10.29"]
[Round "1"]
[White "Solozhenkin, Evgeniy"]
[Black "Tseitlin, Mark D"]
[Result "1/2-1/2"]
[WhiteElo "2544"]
[BlackElo "2496"]

1.d4 Nf6 2.c4 g6 3.Nc3 d5 4.cxd5 Nxd5 5.e4 Nxc3 6.bxc3 Bg7 7.Nf3 c5 8.Rb1 O-O
9.Be2 cxd4 10.cxd4 Qa5+ 11.Bd2 Qxa2 12.O-O Bg4 13.Bg5 h6 14.Bh4 a5 15.Rxb7 g5
16.Bg3 a4 17.Rc7 Qb2 18.Bc4 Nd7 19.Bd5 Rad8 20.Qxa4 Bxf3 21.gxf3 Qxd4 22.Qxd4 Bxd4
23.Rd1 e5 24.Kg2 Nf6 25.Bb3 Rb8 26.Bxf7+ Rxf7 27.Rxf7 Kxf7 28.Rxd4 Re8 29.Ra4 Nh5
30.Ra7+ Kf6 31.Kh3 Re6 32.Kg4 Kg6 33.h4 Nf6+ 34.Kh3 Nh5 35.Kg4 Nf6+ 36.Kh3 Nh5
37.Ra8 Nf6 38.Ra5 Nd7 39.Rd5 Re7 40.Rd6+ Nf6 41.Ra6 Re8 42.h5+ Kf7 43.Ra5 Nd7
44.Kg4 Re6 45.Ra8 Rf6 46.Rd8 Ke7 47.Rh8 Kf7 48.Rh7+ Ke6 49.Kh3 Nf8 50.Ra7 Nd7
51.Kg2 Kd6 52.Kf1 Re6 53.Ra6+ Ke7 54.Ra5 Kf6 55.Ra7 Rd6 56.Ra8 Re6 57.Ke2 Rd6
58.Rh8 Kf7 59.Kf1 Rf6 60.Kg2 Ke7 61.Kh3 Kf7 62.Kg4 Ke7 63.Rh7+ Ke6 64.Rxd7 Kxd7
65.Bxe5 Rf7 66.Bg3 Ke6 67.f4 gxf4 68.Bxf4 Rg7+ 69.Kf3 Rf7 70.Ke3 Ra7 71.Bxh6 Rh7
72.Bf8 Rxh5 73.f4 Rh3+ 74.Kd4 Rf3 75.Bh6 Rf1 76.Ke3 Re1+ 77.Kf3 Rf1+ 78.Ke2 Rh1
79.Bg7 Rh3 80.Bd4 Rh5 81.Kf3 Rb5 82.Bh8 Rh5 83.Bg7 Rb5 84.Kg4 Rb4 85.e5 Kf7
86.Bf6 Kg6 87.Bg5 Re4 88.Be7 Rc4 89.Bf8 Re4  1/2-1/2

[Event "EUCup final 15th"]
[Site "Bugojno"]
[Date "1999.10.29"]
[Round "1"]
[White "Ivanov, Sergey"]
[Black "Greenfeld, Alon"]
[Result "0-1"]
[WhiteElo "2538"]
[BlackElo "2538"]

1.d4 Nf6 2.c4 g6 3.Nc3 d5 4.cxd5 Nxd5 5.e4 Nxc3 6.bxc3 Bg7 7.Nf3 c5 8.Rb1 O-O
9.Be2 Nc6 10.d5 Ne5 11.Nxe5 Bxe5 12.Rb3 Qc7 13.Qd2 e6 14.f4 c4 15.Rb4 Bd6
16.Rxc4 Qb6 17.dxe6 Bxe6 18.Rd4 Rad8 19.f5 Bc5 20.Rxd8 Rxd8 21.Qb2 Bf2+ 22.Kf1 gxf5
23.Qxb6 Bxb6 24.Bg5 Rc8 25.exf5 Bxf5 26.Bd2 Be6 27.a4 Rc5 28.h4 Ra5 29.h5 Rxa4
30.h6 Ra1+ 31.Be1 Ba5 32.Kf2 Bxc3 33.Bf3 b5 34.g4 Bxe1+ 35.Rxe1 Rxe1 36.Kxe1 a5  0-1

[Event "Wch U16 Girls"]
[Site "Oropesa del Mar"]
[Date "1999.10.29"]
[Round "6"]
[White "Popovic, Jelena"]
[Black "Son, O."]
[Result "0-1"]
[WhiteElo "2119"]
[BlackElo "2037"]

1.d4 Nf6 2.c4 g6 3.Nc3 d5 4.cxd5 Nxd5 5.e4 Nxc3 6.bxc3 Bg7 7.Bc4 c5 8.Ne2 O-O
9.O-O Nc6 10.Be3 cxd4 11.cxd4 Na5 12.Bd3 b6 13.Rc1 Bb7 14.d5 Qd7 15.Qd2 e6
16.dxe6 Qxe6 17.f3 Rfd8 18.Qc2 Rac8 19.Qb1 Qd6 20.Rxc8 Bxc8 21.Rc1 Be6 22.Bb5 Qa3
23.Bg5 f6 24.Bf4 Bxa2 25.Qc2 Be6 26.Rd1 Qc5+ 27.Qxc5 Rxd1+  0-1

[Event "Wch U14"]
[Site "Oropesa del Mar"]
[Date "1999.10.29"]
[Round "6"]
[White "Miljkovic, Miroslav"]
[Black "Timofeev, Artjem"]
[Result "1-0"]
[WhiteElo "2200"]
[BlackElo "2391"]

1.d4 Nf6 2.c4 g6 3.Nc3 d5 4.cxd5 Nxd5 5.e4 Nxc3 6.bxc3 Bg7 7.Bc4 c5 8.Ne2 O-O
9.O-O Nc6 10.Be3 Qc7 11.Rc1 Rd8 12.Bf4 e5 13.Bg5 Re8 14.d5 Na5 15.Bb5 Bd7
16.c4 b6 17.d6 Qb7 18.Nc3 f6 19.Be3 Rad8 20.Qd3 Nc6 21.Nd5 Nd4 22.Bxd4 exd4
23.a4 Kh8 24.Rce1 Re6 25.f4 Bc8 26.a5 Rexd6 27.axb6 axb6 28.f5 gxf5 29.exf5 Rxd5
30.cxd5 Qxd5 31.Bc4 Qd6 32.Rf3 Bh6 33.Re4 Be3+ 34.Rfxe3 dxe3 35.Re8+ Kg7
36.Rxd8 Qf4 37.Qe2 Bxf5 38.Rg8+ Kh6 39.Rg3  1-0

[Event "Chigorin mem"]
[Site "St Petersburg"]
[Date "1999.11.02"]
[Round "1"]
[White "Astashov, Gleb"]
[Black "Zakharov, Alexander S"]
[Result "0-1"]
[WhiteElo "2247"]
[BlackElo "2433"]

1.d4 Nf6 2.c4 g6 3.Nc3 d5 4.cxd5 Nxd5 5.e4 Nxc3 6.bxc3 Bg7 7.Bb5+ Nd7 8.Ne2 O-O
9.O-O c5 10.Be3 b6 11.e5 Bb7 12.Qd2 a6 13.Bd3 cxd4 14.cxd4 b5 15.h4 Nb6 16.h5 Rc8
17.Rac1 Qd7 18.h6 Bh8 19.Rxc8 Rxc8 20.Rc1 f6 21.Rxc8+ Qxc8 22.Ng3 fxe5 23.dxe5 Bxe5
24.Bxb6 Qc6 25.Be4 Qxb6 26.Bd5+ e6 27.Bxb7 Qxb7 28.Qe2 Qc7 29.Nf1 Kf7 30.g3 Ke7
31.Ne3 Qc6 32.Ng4 Bd4 33.Qd3 Qc3 34.Qxc3 Bxc3 35.f4 a5 36.Kf1 a4 37.Ke2 b4
38.Kd3 Be1 39.Ne5 Bxg3 40.Kc4 b3 41.axb3 a3 42.Kc3 Bxf4  0-1

[Event "Chigorin mem"]
[Site "St Petersburg"]
[Date "1999.11.07"]
[Round "6"]
[White "Iljushin, Alexei"]
[Black "Anisimov, Pavel"]
[Result "1/2-1/2"]
[WhiteElo "2527"]
[BlackElo "2318"]

1.d4 Nf6 2.c4 g6 3.Nc3 d5 4.cxd5 Nxd5 5.e4 Nxc3 6.bxc3 Bg7 7.Be3 c5 8.Qd2 Qa5
9.Rb1 cxd4 10.cxd4 Qxd2+ 11.Kxd2 O-O 12.Nf3 Nc6 13.d5 Rd8 14.Bd3 Na5 15.Bg5 f6
16.Bf4 b6 17.Ke2 f5 18.Ng5 fxe4 19.Bxe4 Ba6+ 20.Kf3 Bb7 21.Rbd1 Nc4 22.Ne6 Rd7
23.Rc1 Nd6 24.Bxd6 Rxd6 25.Nxg7 Kxg7 26.Rc7 Bxd5 27.Rxe7+ Kh6 28.Bxd5 Rxd5
29.h4 Rf8+ 30.Kg3 Rdf5 31.f3 R8f7  1/2-1/2

[Event "ch-ESP (team) Div 2"]
[Site "Cala Galdana ESP"]
[Date "1999.11.09"]
[Round "2"]
[White "Rodriguez,Or"]
[Black "De la Villa Garcia,J"]
[Result "1-0"]
[WhiteElo "2483"]
[BlackElo "2473"]

1.d4 Nf6 2.c4 g6 3.Nc3 d5 4.cxd5 Nxd5 5.e4 Nxc3 6.bxc3 Bg7 7.Bc4 c5 8.Ne2 Nc6
9.Be3 cxd4 10.cxd4 Qa5+ 11.Bd2 Qh5 12.Bc3 Qg4 13.O-O Qxe4 14.Re1 O-O 15.Rc1 e6
16.Qd2 Rd8 17.Qb2 Bh6 18.Ng3 Qh4 19.Rcd1 Rb8 20.d5 exd5 21.Bxd5 Be6 22.Ne4 Rxd5
23.Nf6+ Qxf6 24.Bxf6 Rxd1 25.Rxd1 Bf8 26.h3 b6 27.Qe2 h6 28.Ba1 Bg7 29.Bxg7 Kxg7
30.Rc1 Rc8 31.Qe4 Bf5 32.Qf4 Kh7 33.Qd6 Ne7 34.Rc7  1-0

[Event "Chigorin mem"]
[Site "St Petersburg"]
[Date "1999.11.09"]
[Round "8"]
[White "Iljushin, Alexei"]
[Black "Lukin, Andrei M"]
[Result "0-1"]
[WhiteElo "2527"]
[BlackElo "2438"]

1.d4 Nf6 2.c4 g6 3.Nc3 d5 4.cxd5 Nxd5 5.e4 Nxc3 6.bxc3 Bg7 7.Bc4 O-O 8.Ne2 Nc6
9.O-O b6 10.Bg5 Bb7 11.Qd3 Na5 12.Ba6 Bxa6 13.Qxa6 Qd7 14.Qd3 e6 15.f4 c5
16.f5 exf5 17.exf5 Rfe8 18.Rad1 cxd4 19.cxd4 Rac8 20.Rf2 Nc4 21.Qh3 Nd6 22.Ng3 Rc3
23.f6 Qxh3 24.gxh3 Bf8 25.Kg2 Nc4 26.Nf1 b5 27.Bf4 a5 28.h4 h5 29.d5 Bc5
30.Rf3 Rc2+ 31.Kh3 Nd6 32.Rc1 Rxc1 33.Bxc1 Re5 34.Rd3 Rf5 35.Ng3 Rxf6 36.Rc3 Bd4
37.Rc6 Be5 38.Bg5 Rf2 39.Be7 Ne4 40.d6 Rd2 41.Rc8+ Kh7 42.Rb8 Nxd6  0-1

[Event "SLO-chT"]
[Site "Bled"]
[Date "1999.11.10"]
[Round "3"]
[White "Farago, Ivan"]
[Black "Rogulj, Branko"]
[Result "1/2-1/2"]
[WhiteElo "2512"]
[BlackElo "2427"]

1.d4 Nf6 2.c4 g6 3.Nc3 d5 4.cxd5 Nxd5 5.e4 Nxc3 6.bxc3 Bg7 7.Bc4 Qd7 8.Ne2 Nc6
9.O-O Na5 10.Bd3 b6 11.Be3 Bb7 12.Rc1 O-O 13.Qd2 c5 14.d5 c4 15.Bc2 e6 16.Rcd1 exd5
17.exd5 Rfe8 18.Nf4 Rad8 19.Bd4 Bh6 20.Nh5 Bxd2 21.Nf6+ Kf8 22.Nxd7+ Rxd7
23.Ba4 Rxd5 24.Bxe8 Rxd4 25.cxd4 c3 26.Bb5 Bd5 27.Rxd2 cxd2 28.Rd1 Bc4 29.Bd7 Ke7  1/2-1/2

[Event "Eu Team Ch (women)"]
[Site "Batumi GEO"]
[Date "1999.11.29"]
[Round "1"]
[White "Varniene,R"]
[Black "Gurieli,N"]
[Result "0-1"]
[WhiteElo "2166"]
[BlackElo "2351"]

1.d4 Nf6 2.c4 g6 3.Nc3 d5 4.cxd5 Nxd5 5.e4 Nxc3 6.bxc3 Bg7 7.Bc4 c5 8.Ne2 cxd4
9.cxd4 Nc6 10.Be3 Qa5+ 11.Bd2 Qd8 12.Be3 O-O 13.O-O Na5 14.Bd3 Be6 15.Qa4 a6
16.Rac1 b5 17.Qc2 Rc8 18.Qd2 Nc4 19.Bxc4 Bxc4 20.Rfd1 e6 21.e5 Qe7 22.Ng3 Bd5
23.f3 Qa3 24.Ne4 Qxa2 25.Qxa2 Bxa2 26.Ra1 Bb3 27.Rd2 Ra8 28.Nc5 Bc4 29.Rxa6 Rxa6
30.Nxa6 Ra8 31.Nb4 Ra1+ 32.Kf2 Rb1 33.Nd3 Bf8 34.Nc5 Be7 35.Kg3 h5 36.Kh3 Kg7
37.g4 Re1 38.Bf2 Bf1+  0-1

[Event "Belgian Interteams 1999-2000"]
[Site "Antwerp BEL"]
[Date "1999.11.??"]
[Round "5"]
[White "Van Beek,L"]
[Black "Bolzoni,V"]
[Result "1-0"]
[WhiteElo "2326"]
[BlackElo "2250"]

1.d4 Nf6 2.c4 g6 3.Nc3 d5 4.cxd5 Nxd5 5.e4 Nxc3 6.bxc3 Bg7 7.Be3 c5 8.Qd2 Qa5
9.Rb1 cxd4 10.cxd4 Qxd2+ 11.Kxd2 O-O 12.Nf3 Rd8 13.Bd3 e6 14.Rhd1 Nc6 15.e5 f6
16.exf6 Bxf6 17.Be4 Nxd4 18.Nxd4 Bxd4 19.Bxd4 Rxd4+ 20.Ke3 e5 21.Bd5+ Kh8
22.Rxd4 exd4+ 23.Kxd4 Rb8 24.Ke5 b6 25.Rc1 Bb7 26.Bxb7 Rxb7 27.Kf6 h5 28.Rc8+ Kh7
29.Re8 g5 30.Re7+ Rxe7 31.Kxe7 g4 32.Kd6 Kg6 33.Kc6 Kf5 34.Kb7 Ke4 35.Kxa7 Kd3
36.Kxb6 Ke2 37.f4 Kf2 38.f5 Kxg2 39.f6 Kxh2 40.f7 g3 41.f8=Q g2 42.Qf2  1-0

[Event "Eu Team Ch"]
[Site "Batumi GEO"]
[Date "1999.12.07"]
[Round "9"]
[White "Fernandes,An"]
[Black "Bagirov,R"]
[Result "0-1"]
[WhiteElo "2438"]
[BlackElo "2471"]

1.d4 Nf6 2.c4 g6 3.Nc3 d5 4.cxd5 Nxd5 5.e4 Nxc3 6.bxc3 Bg7 7.Nf3 O-O 8.Be2 c5
9.O-O b6 10.Be3 Bb7 11.Qc2 cxd4 12.cxd4 Nc6 13.Rad1 Qd7 14.Qb1 Rac8 15.d5 Na5
16.Bb5 Qd6 17.Bd2 Bc3 18.e5 Qa3 19.Ng5 Rfd8 20.d6 e6 21.Be8 Rxe8 22.d7 Bxe5
23.dxc8=Q Rxc8 24.Bxa5 Qxa5 25.Nxf7 Ba6 26.Qb3 Bc4 27.Qh3 Re8 28.Nxe5 Qxe5
29.Rfe1 Qg7 30.a3 Rf8 31.Qg3 Qb2 32.Rd7 a5 33.Qh4 h5 34.f3 Qc3 35.Qg3 Rf6
36.Qb8+ Rf8 37.Qg3 Rf6 38.h4 Qxa3 39.Qb8+ Rf8 40.Qxb6 Qc3 41.Qb1 Qf6 42.Re4 Bd5
43.Rf4  0-1

[Event "FSIMA December"]
[Site "Budapest HUN"]
[Date "1999.12.09"]
[Round "6"]
[White "Keatinge Clay,A"]
[Black "Szeberenyi,A"]
[Result "0-1"]
[WhiteElo "2278"]
[BlackElo "2357"]

1.d4 Nf6 2.c4 g6 3.Nc3 d5 4.cxd5 Nxd5 5.e4 Nxc3 6.bxc3 Bg7 7.Bc4 O-O 8.Ne2 c5
9.O-O Nc6 10.Be3 Bg4 11.f3 Bd7 12.Rb1 a6 13.Bd3 b5 14.d5 c4 15.dxc6 cxd3
16.Nd4 Be8 17.f4 Rc8 18.Qxd3 Bxc6 19.Rfd1 Ba8 20.a4 bxa4 21.Qxa6 Qc7 22.e5 Qxc3
23.Kf2 Be4 24.Rdc1 Bxb1 25.Rxc3 Rxc3 26.Qxa4 Rb8 27.Qa7 Rb2+ 28.Kf3 Ba2 29.Qa5 Rc8
30.Nc6 Bf8 31.Qc5 Rc7 32.Qd4 Rc2 33.Nb4 R2c4 34.Qb6 Bb1 35.Bd4 Rd7 36.Nc6 Bf5
37.Ke3 Be6 38.Bb2 Bd5 39.Nd4 e6 40.Qa5 Bxg2 41.Qb5 Rcc7 42.Qb8 Bb7 43.Qe8 Re7
44.Qd8 Rc8 45.Qb6 Bd5 46.Qa6 Ra8 47.Qd3 Rb7 48.Qc3 Rab8 49.Ba1 Rb3  0-1

[Event "ch-RUS KO"]
[Site "Moscow RUS"]
[Date "1999.12.15"]
[Round "1.1"]
[White "Sherbakov,R"]
[Black "Vorobiov,E"]
[Result "0-1"]
[WhiteElo "2541"]
[BlackElo "2459"]

1.d4 Nf6 2.c4 g6 3.Nc3 d5 4.cxd5 Nxd5 5.e4 Nxc3 6.bxc3 Bg7 7.Be3 c5 8.Qd2 Qa5
9.Rb1 b6 10.Bb5+ Bd7 11.Be2 Bc6 12.Bd3 Nd7 13.Nf3 Nf6 14.d5 Nxd5 15.exd5 Bxc3
16.dxc6 O-O 17.O-O Bxd2 18.Bxd2 Qxa2 19.Bh6 Rfd8 20.Ne5 Qe6 21.Rfe1 Rxd3
22.Nxd3 Qxc6 23.Rxe7 Rd8 24.Nf4 Qf6 25.Rxa7 Qh4 26.g3 Qxh6 27.h4 Rd4 28.Rxb6 Rxf4
29.gxf4 Qxf4 30.Rb3 Qxh4 31.Rc7 Qd4 32.Rb8+ Kg7 33.Rbc8 Qg4+ 34.Kh2 Qh4+
35.Kg2 Qg4+ 36.Kf1 Qc4+ 37.Kg1 h5 38.Rxc5 Qg4+ 39.Kf1 h4 40.Rc4 Qd1+ 41.Kg2 Qd5+
42.Kh2 Qf3 43.Rc3 Qxf2+ 44.Kh3 g5 45.R8c5 Kg6 46.Rc8 f6 47.Rg8+ Kf5  0-1

[Event "Extraliga CZE"]
[Site "Ostrava CZE"]
[Date "1999.12.18"]
[Round "5"]
[White "Haba,P"]
[Black "Oral,T"]
[Result "1/2-1/2"]
[WhiteElo "2544"]
[BlackElo "2541"]

1.d4 Nf6 2.c4 g6 3.Nc3 d5 4.cxd5 Nxd5 5.e4 Nxc3 6.bxc3 Bg7 7.Nf3 c5 8.Rb1 O-O
9.Be2 Nc6 10.d5 Ne5 11.Nxe5 Bxe5 12.Qd2 e6 13.f4 Bc7 14.Bc4 a6 15.a4 b5 16.axb5 axb5
17.Bxb5 exd5 18.Bc6 Qh4+ 19.g3 Qh5 20.Qxd5 Qf3 21.Rf1 Qxc3+ 22.Bd2 Qc2 23.Rc1 Qb2
24.Bxa8 Rd8 25.Rxc5 Rxd5 26.Bxd5 Qa1+ 27.Kf2 Qb2 28.Ke1 Qa1+ 29.Kf2 Qb2  1/2-1/2

[Event "ch-COL"]
[Site "Fusagasuga COL"]
[Date "1999.12.20"]
[Round "9"]
[White "Clavijo,J"]
[Black "Ramirez,Ca"]
[Result "1-0"]
[WhiteElo "2388"]
[BlackElo "2324"]

1.d4 Nf6 2.c4 g6 3.Nc3 d5 4.cxd5 Nxd5 5.e4 Nxc3 6.bxc3 Bg7 7.Nf3 c5 8.Rb1 O-O
9.Be2 cxd4 10.cxd4 Qa5+ 11.Bd2 Qxa2 12.O-O a5 13.Bg5 h6 14.Bxe7 Re8 15.Bd6 Rxe4
16.Rc1 Qe6 17.Bd3 Rg4 18.Re1 Qxd6 19.Rxc8+ Kh7 20.Qa4 h5 21.Qb5 Kh6 22.Qxb7  1-0

[Event "Young Masters"]
[Site "Groningen NED"]
[Date "1999.12.22"]
[Round "4"]
[White "Van Beek,L"]
[Black "Berry,N"]
[Result "1-0"]
[WhiteElo "2326"]
[BlackElo "2200"]

1.d4 Nf6 2.c4 g6 3.Nc3 d5 4.cxd5 Nxd5 5.e4 Nxc3 6.bxc3 Bg7 7.Be3 c5 8.Qd2 Qa5
9.Rb1 b6 10.Rc1 cxd4 11.cxd4 Qxd2+ 12.Kxd2 Ba6 13.Bc4 Bxc4 14.Rxc4 Nd7 15.Nf3 O-O
16.Bg5 h6 17.Bxe7 Rfe8 18.Bd6 Rxe4 19.Rhc1 Re6 20.Rc8+ Rxc8 21.Rxc8+ Kh7
22.Bg3 Nf6 23.Rc7 a5 24.Rxf7 Kg8 25.Rb7 g5 26.h3 Ne4+ 27.Kd3 h5 28.Rb8+ Kh7
29.Be5 Bxe5 30.dxe5 Nc5+ 31.Kd4 Kg7 32.Nxg5 Rxe5 33.Kxe5 Nd7+ 34.Kd6 Nxb8
35.Kc7 Na6+ 36.Kxb6 Nb4 37.a4 Kf6 38.Kxa5  1-0

[Event "8th Danube Open"]
[Site "Aschach AUT"]
[Date "1999.12.26"]
[Round "1"]
[White "Nussbaumer,Joh"]
[Black "Kalod,R"]
[Result "0-1"]
[WhiteElo "2147"]
[BlackElo "2440"]

1.d4 Nf6 2.c4 g6 3.Nc3 d5 4.cxd5 Nxd5 5.e4 Nxc3 6.bxc3 Bg7 7.Bc4 c5 8.Ne2 Nc6
9.Be3 O-O 10.Rc1 cxd4 11.cxd4 Qa5+ 12.Kf1 Qa3 13.Qd2 Rd8 14.f3 Bd7 15.Kf2 Be8
16.Rc3 Qd6 17.Rd3 Rac8 18.Rc1 Qb4 19.Qxb4 Nxb4 20.Rb3 Nxa2 21.Ra1 Rxc4 22.Rxa2 b5
23.Rxa7 e6 24.Ra2 Bc6 25.Ke1 h6 26.h3 Kh7 27.Ra6 g5 28.Ra7 Be8 29.Ra6 Rdc8
30.Ra7 Kg6 31.Ra6 Ra4 32.Rb6 Ra2 33.Rc3 Rxe2+  0-1

[Event "Open"]
[Site "Groningen NED"]
[Date "1999.12.29"]
[Round "10"]
[White "Ernst,S"]
[Black "Van Beek,L"]
[Result "0-1"]
[WhiteElo "2444"]
[BlackElo "2326"]

1.d4 Nf6 2.c4 g6 3.Nc3 d5 4.cxd5 Nxd5 5.e4 Nxc3 6.bxc3 Bg7 7.Nf3 c5 8.Rb1 O-O
9.Be2 Nc6 10.d5 Ne5 11.Nxe5 Bxe5 12.Qd2 e6 13.f4 Bc7 14.O-O exd5 15.exd5 Ba5
16.Rb5 b6 17.Rxa5 bxa5 18.c4 Rb8 19.Ba3 Rb4 20.Bxb4 axb4 21.Bd1 Re8 22.Ba4 Bd7
23.Bxd7 Qxd7 24.Qf2 Qe7 25.Rd1 Qd6 26.g3 a5 27.Qc2 Qd7 28.d6 a4 29.Qf2 b3
30.axb3 axb3 31.Qxc5 Re2 32.f5 Qb7 33.Qd5 Qxd5 34.Rxd5 b2 35.Rd1 Rd2 36.Re1 Rxd6
37.Kf2 Rd2+ 38.Ke3 Rc2 39.Rb1 Rxh2 40.Kd3 Kf8 41.Re1 Rg2 42.Kc3 h5 43.fxg6 fxg6
44.c5 Re2 45.Rf1+ Ke7 46.Rd1 Ke8 47.c6 Re6 48.Kxb2 Rxc6 49.Rf1 Ke7 50.Rf4 Ke6
51.Kb3 Ke5 52.Rf8 Rf6 53.Rg8 Kf5 54.Kc4 Kg4 55.Kd4 Kxg3 56.Ke5 Ra6 57.Rb8 h4
58.Rb3+ Kg4 59.Rb4+ Kg5 60.Rb3 Ra4 61.Rc3 Kg4 62.Rc1 g5 63.Rc4+ Rxc4  0-1

[Event "Neujahr ELO"]
[Site "Lohmar GER"]
[Date "1999.12.31"]
[Round "6"]
[White "Rozsa,S"]
[Black "Behl,T"]
[Result "1/2-1/2"]
[WhiteElo "2152"]
[BlackElo "2150"]

1.d4 Nf6 2.c4 g6 3.Nc3 d5 4.cxd5 Nxd5 5.e4 Nxc3 6.bxc3 Bg7 7.Be3 O-O 8.Nf3 c5
9.Be2 Qa5 10.O-O b6 11.dxc5 Bb7 12.Ng5 e6 13.cxb6 h6 14.bxa7 hxg5 15.axb8=Q Rfxb8
16.Bc4 Bxc3 17.Rb1 Bxe4 18.Rxb8+ Rxb8 19.Qg4 Bd5 20.Bxd5 Qxd5 21.Qg3 Ra8
22.Bxg5 Rxa2 23.Qxc3 Qxg5 24.Qc8+ Kg7 25.Qc3+ Qf6 26.Qxf6+ Kxf6 27.h4 Kf5
28.Rb1 e5 29.Rb3 e4 30.f3 exf3 31.Rxf3+ Kg4 32.h5 Kxh5 33.Rxf7 Kg4 34.Rf3 g5
35.Kh2 Ra4 36.Rf8 Rb4  1/2-1/2

[Event "Athens op"]
[Site "Athens"]
[Date "1999.??.??"]
[Round "5"]
[White "Kalesis, Nikolaos"]
[Black "Stathakis, Ioannis"]
[Result "1-0"]
[WhiteElo "2409"]
[BlackElo "2125"]

1.d4 Nf6 2.c4 g6 3.Nc3 d5 4.cxd5 Nxd5 5.e4 Nxc3 6.bxc3 Bg7 7.Bc4 O-O 8.Ne2 c5
9.O-O Nc6 10.Be3 cxd4 11.cxd4 Qa5 12.Rb1 a6 13.Qc2 e5 14.d5 Nd4 15.Nxd4 exd4
16.Bd2 Qc7 17.d6 Qc6 18.Qd3 Re8 19.Bb4 Rxe4 20.Rbc1 Qe8 21.Bd5 Rh4 22.Rc7 Bd7
23.Re1 Be5 24.g3 Rh5 25.f4 a5 26.Bd2 Bxd6 27.Rxe8+ Bxe8 28.Bxb7 Rb8 29.Rc8 Rxb7
30.Rxe8+ Kg7 31.Qxd4+  1-0

[Event "AUT-chT2O 9899"]
[Site "AUT"]
[Date "1999.??.??"]
[Round "6"]
[White "Schweda, Roland"]
[Black "Milanollo, Mario"]
[Result "1-0"]
[WhiteElo "2370"]
[BlackElo "2105"]

1.d4 Nf6 2.c4 g6 3.Nc3 d5 4.cxd5 Nxd5 5.e4 Nxc3 6.bxc3 Bg7 7.Bc4 O-O 8.Ne2 c5
9.O-O Nc6 10.Be3 Qc7 11.Rb1 Rd8 12.d5 Ne5 13.Bf4 a6 14.a4 e6 15.Qb3 b5 16.axb5 axb5
17.Bxb5 exd5 18.exd5 Bf5 19.Rbd1 Rab8 20.c4 Bd7 21.Qg3 Bxb5 22.cxb5 Rxb5
23.Nc3 Rb3 24.d6 Qa5 25.Bxe5 Bxe5 26.Qxe5 Qxc3 27.Qe7 Rbb8 28.Rb1 Qd3 29.Rxb8 Rxb8
30.d7 Rf8 31.Re1 c4 32.h4  1-0

[Event "AUT-chT2O 9899"]
[Site "AUT"]
[Date "1999.??.??"]
[Round "9"]
[White "Miniboeck, Guenter"]
[Black "Neubauer, Martin"]
[Result "1-0"]
[WhiteElo "2350"]
[BlackElo "2305"]

1.d4 Nf6 2.c4 g6 3.Nc3 d5 4.cxd5 Nxd5 5.e4 Nxc3 6.bxc3 Bg7 7.Nf3 c5 8.Rb1 O-O
9.Be2 Nc6 10.d5 Ne5 11.Nxe5 Bxe5 12.Qd2 b6 13.f4 Bg7 14.O-O e6 15.d6 e5 16.fxe5 Bb7
17.Qf4 Qe8 18.Bc4 Bxe5 19.Qh4 Bg7 20.Bg5 Qxe4 21.Qxe4 Bxe4 22.Rbe1 Bf5 23.Rf3 Rab8
24.Re7 h6 25.Bh4 b5 26.Bd5 b4 27.c4 Bd4+ 28.Kf1 a5 29.Ra7 a4 30.Rxa4 Bc2
31.Ra7 g5 32.Bg3 Bg6 33.d7 g4 34.Rf4 b3 35.axb3 Rxb3 36.Be4 Rd8 37.Bh4  1-0

[Event "Regionalliga SO9899"]
[Site "Bayern"]
[Date "1999.??.??"]
[Round "?"]
[White "Koenig, Bernhard"]
[Black "Jergler, Karl Heinz"]
[Result "1-0"]
[WhiteElo "2240"]
[BlackElo "2175"]

1.d4 Nf6 2.c4 g6 3.Nc3 d5 4.cxd5 Nxd5 5.e4 Nxc3 6.bxc3 Bg7 7.Nf3 c5 8.Rb1 O-O
9.Be2 cxd4 10.cxd4 Bg4 11.O-O Bxf3 12.Bxf3 Bxd4 13.Rxb7 Nc6 14.Qa4 Qc8 15.Rb5 Bb6
16.Bh6 Nd4 17.Bxf8 Nxb5 18.Bxe7 Nd4 19.Qd1 Qe6 20.e5 Re8 21.Bf6 Nxf3+ 22.Qxf3 Bd8
23.a3 Bxf6 24.exf6 h5 25.h3 Qe4 26.Qc3 Qe5 27.Rc1 Qxc3 28.Rxc3 Re6 29.Rc8+ Kh7
30.Rc7 Rxf6 31.Rxa7 Kg7 32.f3 Rb6 33.Rc7 Ra6 34.Rc3 Ra7 35.h4 Kf6 36.Re3 Kf5
37.Kf2 Rb7 38.Re4 Rb2+ 39.Kg3 Ra2 40.a4 Kf6 41.Kh3 Ra3 42.Rf4+ Kg7 43.g4 hxg4+
44.Kxg4 f5+ 45.Kg5 Ra1 46.Rb4 Rg1+ 47.Kf4 Rh1 48.Ke5 Rf1 49.f4 Re1+ 50.Kd5 Kh6
51.Kc6 Kh5 52.a5 Kxh4 53.a6 Re6+ 54.Kb5 Re8 55.a7 g5 56.fxg5+ Kxg5 57.Ka6 f4
58.Rb8 Re1 59.Rb5+  1-0